1667 1623 1138 1053 1980 1263 1325 1145 1527 1429 1049 1763 1633 1567 1994 1080 1535 1940 1777 1812 1356 1728 1404 1449 1985 1518 1649 1460 1972 1271 1896 1624 1055 1105 1557 1589 1992 1594 1191 1326 1921 1209 1124 1852 1696 1060 1474 1022 1249 1361 1044 1720 1268 1430 1357 1635 1601 1848 1514 1821 1822 1802 1567 1825 1952 1622 1136 1031 1656 1864 1218 1291 1343 1544 1837 1067 1247 1954 1693 1629 1965 1641 1593 1505 1133 1262 1868 1171 1692 1068 1081 1186 1003 1142 1919 1341 1022 1984 1653 BCNSPRNW ULIB Ver.6.0+V

เปลี่ยนเป็นภาษาไทย

Change to English
 แสดงรายละเอียดบรรณานุกรม
  กลับหน้าหลัก

Brief Record : Get Marc (ISO 2709) : E-mail record : QR code < ปิดหน้าต่าง
LEADER : 00000nam 2200000uu 4500
001    13399127422
003     ULIB
008    200520s2562||||th 000 0 tha d
020    ู^a9786160038442
050  0 ^aนว^bก831พ
100    ^aเก้าแต้ม
245    ^aพยัคฆ์ร้ายซ่อนลาย
250    ^aพิมพ์ครั้งที่ 1
260    ^aกรุงเทพฯ :^bพิมพ์คำ,^c2562
300    ^a543 หน้า;^b21 ซม.
650    ^aนวนิยาย
945    ^p380^l0^i007096
999    ^aประนอม เกษจรัล
รายการนี้ยังไม่มีแท็ก
คุณยังไม่ได้ล็อกอิน คุณสามารถมีกิจกรรมร่วมกับเว็บไซต์ได้ แต่ต้องล็อกอินก่อน ::
  ล็อกอิน

รายการสื่อสารสนเทศ

ลำดับที่ ประเภท เลขเรียก/บาร์โค้ด สถานที่ สถานะ
1. นวนิยาย
นวนิยาย
นว ก831พ ฉ.1 
  Barcode: 007096
ห้องสมุดวิทยาเขตสวรรค์ประชารักษ์
►หนังสือทั่วไป
บนชั้น

รายการใกล้เคียง
    ชื่อเรื่อง [พยัคฆ์ร้ายซ่อนลาย]

    ผู้แต่ง [เก้าแต้ม]

    หัวเรื่อง [นวนิยาย]

BibComment


ยังไม่เคยถูกคอมเมนท์

คอมเมนท์ทรัพยากรรายการนี้
  คอมเมนท์: พยัคฆ์ร้ายซ่อนลาย


 Copyright 2026. Bcnsprnw @Library